| 000 -CABECERA |
| Longitud fija campo de control |
01103nam a2200265 a 4500 |
| 001 - NÚMERO DE CONTROL |
| Número de control |
1446 |
| 003 - IDENTIFICADOR DEL NÚMERO DE CONTROL |
| Identificador del número de control |
CDMR |
| 005 - FECHA Y HORA DE LA ÚLTIMA TRANSACCIÓN |
| Fecha y hora de la última transacción |
20151022113602.0 |
| 008 - CÓDIGOS DE INFORMACIÓN DE LONGITUD FIJA |
| Códigos de información de longitud fija |
130130s1993||||||||||||||||||||||||||||d |
| 020 ## - NÚMERO INTERNACIONAL NORMALIZADO PARA LIBROS |
| Número Internacional Normalizado para Libros (ISBN) |
8431312351 |
| 040 ## - FUENTE DE LA CATALOGACIÓN |
| Centro catalogador de origen |
CDMR |
| Lengua de catalogación |
cat |
| Centro transcriptor |
CDMR |
| 245 00 - MENCIÓN DE TÍTULO |
| Título |
Historia de la ACN de P |
| Mención de responsabilidad, etc. |
José Manuel Ordovás, Mercedes Montero |
| 246 #4 - VARIANTES DE TÍTULO |
| Título propio / Título en breve |
Historia de la Asociación Católica Nacional de Propagandistas |
| 260 ## - PUBLICACIÓN, DISTRIBUCIÓN, ETC. (PIE DE IMPRENTA) |
| Lugar de publicación, distribución, etc. |
Pamplona |
| Fecha de publicación, distribución, etc. |
1993 |
| Nombre del editor, distribuidor, etc. |
EUNSA |
| 300 ## - DESCRIPCIÓN FÍSICA |
| Extensión |
2 v. |
| Dimensiones |
22 cm |
| 490 0# - MENCIÓN DE SERIE |
| Mención de serie |
Ciencias de la Información |
| Designación de volumen o secuencia |
62 |
| -- |
63 |
| 500 ## - NOTA GENERAL |
| Nota general |
Títol a la coberta: Historia de la Asociación Católica Nacional de Propagandistas |
| 505 ## - NOTA DE CONTENIDO CON FORMATO |
| Nota de contenido con formato |
Conté: Tomo I -- de la Dictadura a la Segunda República (1923-1936) / José Manuel Ordovas ; Tomo II -- La construción del Estado confesional (1936-1945) / Mercedes Montero |
| 650 04 - PUNTO DE ACCESO ADICIONAL DE MATERIA - TÉRMINO DE MATERIA |
| 9 (RLIN) |
3100 |
| Término de materia o nombre geográfico como elemento inicial |
Premsa catòlica |
| Subdivisión geográfica |
Espanya |
| Subdivisión cronológica |
1923-1945 |
| 650 04 - PUNTO DE ACCESO ADICIONAL DE MATERIA - TÉRMINO DE MATERIA |
| 9 (RLIN) |
4090 |
| Término de materia o nombre geográfico como elemento inicial |
Premsa i política |
| Subdivisión geográfica |
Espanya |
| 610 2# - PUNTO DE ACCESO ADICIONAL DE MATERIA - NOMBRE DE ENTIDAD CORPORATIVA |
| 9 (RLIN) |
4078 |
| Nombre de entidad corporativa o nombre de jurisdicción como elemento inicial |
Asociación Católica Nacional de Propagandistas (Espanya) |
| 700 1# - PUNTO DE ACCESO ADICIONAL - NOMBRE DE PERSONA |
| 9 (RLIN) |
1099 |
| Nombre de persona |
Ordovas, José Manuel |
| 700 1# - PUNTO DE ACCESO ADICIONAL - NOMBRE DE PERSONA |
| 9 (RLIN) |
1100 |
| Nombre de persona |
Montero, Mercedes |
| 942 ## - ENTRADA DE ELEMENTOS AGREGADOS (KOHA) |
| Koha [por defecto] tipo de item |
Monografies |
| Fuente de clasificaión o esquema |
|